U. S. Cities from Nearby Cities and Suburbs - Statistics

General Stats
  • This quiz has been taken 807 times
  • The average score is 19 of 22
Answer Stats
Hint Answer % Correct
Scottsdale, Mesa, Tempe Phoenix
98%
Santa Monica, Pasadena, Santa Clarita Los Angeles
96%
New Rochelle, Jersey City, Yonkers New York City
96%
Broomfield, Aurora, Boulder Denver
93%
El Cajon, Chula Vista, Tijuana San Diego
92%
Pearl City, Kapolei, Kaimuki Honolulu
91%
Pasadena, Sugar Land, Texas City Houston
91%
Sausalito, Pacifica, Berkeley San Francisco
91%
Irving, Arlington, Plano Dallas
90%
Bellevue, Redmond, Tacoma Seattle
90%
Newton, Somerville, Cambridge Boston
89%
Arlington, Silver Spring, Alexandria Washington D.C.
87%
Evanston, Joliet, Gary Chicago
86%
Royal Oak, Windsor, Dearborn Detroit
83%
Westchester, Coral Gables, Hialeah Miami
83%
Chapel Hill, Durham, Wake Forest Raleigh
83%
Spring Valley, Paradise, Henderson Las Vegas
78%
Marietta, Decatur, Smyrna Atlanta
71%
Camden, Levittown, Norristown Philadelphia
70%
Pawtucket, Cranston, Warick Providence
70%
Edmond, Norman, Choctaw Oklahoma City
68%
Mechanicsville, Petersburg, Appomattox Richmond
57%
No matching quizzes found
Score Distribution
Percent of People with Each Score
Percentile by Number Answered
Your Score History
You have not taken this quiz